Fr. Conceicao Rodrigues College of Engineering

Re engineering (Record no. 19894)

MARC details
000 -LEADER
fixed length control field 00283nam a2200133Ia 4500
082 ## - DEWEY DECIMAL CLASSIFICATION NUMBER
Classification number 658.406
Item number LUC
100 ## - MAIN ENTRY--PERSONAL NAME
Personal name Business/ Process Systems
245 ## - TITLE STATEMENT
Title Re engineering
260 ## - PUBLICATION, DISTRIBUTION, ETC.
Name of publisher, distributor, etc. Lucas eng & Systems
546 ## - LANGUAGE NOTE
Language note ENGLISH
654 ## - SUBJECT ADDED ENTRY--FACETED TOPICAL TERMS
Focus term engineering
942 ## - ADDED ENTRY ELEMENTS (KOHA)
Koha item type BOOK
Holdings
Withdrawn status Lost status Damaged status Not for loan Collection Home library Current library Date acquired Total Checkouts Full call number Barcode Date last seen Price effective from Koha item type
        CRC Fr. Agnel's C.Rodrigues College of Engineering Fr. Agnel's C.Rodrigues College of Engineering 17/03/2023   658.406 LUC 12129 17/03/2023 17/03/2023 BOOK